00554nam a2200193 a 4500001001300000003000900013005001700022008004100039020002600080082002000106100002000126245005800146260003800204300000900242500003500251505001400286650002700300650003300327nice12345678IN_TiNIC20260116013128.0050524s1988 itha grp 000 0 eng  a0801424 c830.5500a305.800956bESM aEsman, Milton J aEthnicity, Pluralism and the State in the Middle East aIthacabCornell University c1988 a296p aincludes index and biblioraphy2 a40 Plates aMinorities-Middle East aMiddle East-Ethnic Relations